Inventario del recurso suelo de departamento de Leandro N. Alem /

Guardado en:
Autor Principal: Godagnone, Rubén E.
Otros Autores: de la Fuente, Juan C.
Formato: Libro
Idioma:Spanish
Publicado: Castelar : INTA, 2013.
Etiquetas: Agregar Etiqueta
Sin Etiquetas, Sea el primero en etiquetar este registro!
LEADER 00590nam a22001575a 4500
001 EEA.libagro009200
005 20161013110959.0
008 130809s2013####ag#a##########000#0#spa#d
020 |a 9789876792059 
082 0 4 |a 333.73 
100 1 |a Godagnone, Rubén E. 
245 1 0 |a Inventario del recurso suelo de departamento de Leandro N. Alem /  |c Rubén E. Godagnone, Juan C. de la Fuente. 
260 |a Castelar :  |b INTA,  |c 2013. 
300 |a 159 p. :  |b il. col., fot. col., mapas +  |e 1 mapa escala 1 : 60.000 ;  |c 28 cm. 
700 1 |a de la Fuente, Juan C. 
859 |a AR-BbBCA  |b BIB. AGRONOMIA  |h 333.73  |i G577  |p 2013/6264